Statystyki dla Polska i świat po II wojnie światowej - nazwiska - trudne

Kliknij tutaj aby rozwiązać quiz!

Ogólne statystyki

  • Ten quiz został rozwiązany 62 razy
    (42 od ostatniego zresetowania)
  • Średni wynik to 6 z 98

Statystyki odpowiedzi

OpisNazwisko% Poprawnych
Stefan WyszyńskiPrymas Polski
67%
Stefan WyszyńskiPrymas Tysiąclecia
41%
Józef StalinDyktator
38%
Clement AttleePremier Wielkiej Brytanii
28%
Stefan WyszyńskiPolski duchowny
26%
John Fitzgerald KennedyPrezydent Stanów Zjednoczonych
15%
Harry TrumanPrezydent Stanów Zjednoczonych
15%
Stefan WyszyńskiInternowany
13%
Władysław GomułkaI sekretarz KC PZPR
10%
Winston ChurchillPisarz
10%
Bolesław BierutPrzewodniczący PZPR
10%
Władysław GomułkaI sekretarz KC PPR
8%
Józef StalinKult jednostki
8%
Stanisław MikołajczykPremier rządu emigracyjnego
8%
Edward Osóbka-MorawskiPremier Rządu Tymczasowego
8%
Wilhelm PieckPrezydent NRD
8%
Bolesław BierutPrezydent RP
8%
Edward Osóbka-MorawskiPrzewodniczący PKWN
8%
Stanisław MikołajczykPrzywódca PSL
8%
Bolesław PiaseckiPrzywódca Ruchu Narodowo-Radykalnego
8%
Bolesław PiaseckiZałożyciel Stowarzyszenia PAX
8%
George MarshallAmerykański dowódca wojskowy
5%
Leopold OkulickiAresztowanie podczas procesu szesnastu
5%
Witold PileckiAutor raportów o Holocauście
5%
Winston ChurchillBrytyjski polityk
5%
Józef CyrankiewiczCzłonek władz PZPR
5%
Harry TrumanDecyzja o użyciu broni atomowej wobec Japonii
5%
Harry TrumanDoktryna Trumana
5%
Winston ChurchillDwukrotny premier Wielkiej Brytanii
5%
Leopold OkulickiGenerał brygady Wojska Polskiego
5%
Winston ChurchillHistoryk
5%
Nikita ChruszczowI sekretarz KC KPZR
5%
Konrad AdenauerKanclerz RFN
5%
Winston ChurchillMąż stanu
5%
Konstanty RokossowskiMinister obrony narodowej
5%
Stanisław MikołajczykMinister rolnictwa TRJN
5%
Winston ChurchillMówca
5%
Nikita ChruszczowOdchodzenie od kultu jednostki
5%
Leopold OkulickiOstatni komendant Armii Krajowej
5%
Józef CyrankiewiczPięciokrotny premier Polski
5%
Konstanty RokossowskiPolski i radziecki żołnierz
5%
Edward Osóbka-MorawskiPremier TRJN
5%
Nikita ChruszczowPremier ZSRR
5%
Klement GottwaldPrezydent Czechosłowacji
5%
Bolesław PiaseckiPropaganda zasad współpracy Kościoła z państwem komunistycznym
5%
Hilary MincPrzewodniczący PKPG
5%
Józef StalinSowiecki rewolucjonista
5%
Winston ChurchillStrateg
5%
Stanisław MikołajczykWicepremier TRJN
5%
Winston ChurchillŻelazna kurtyna
5%
Witold PileckiŻołnierz Armii Krajowej
5%
Wilhelm PieckCzłonek niemieckiego ruchu robotniczego
3%
John Fitzgerald KennedyDeklaracja solidarności z mieszkańcami podzielonego miasta Berlin
3%
Konstanty RokossowskiDowódca Wojska Polskiego
3%
Konrad AdenauerDziałacz partii chrześcijańsko-demokratycznej
3%
Stefan WyszyńskiDziałalność oświatowa i społeczna w kręgach robotniczych
3%
Walter UlbrichtI sekretarz Socjalistycznej Partii Jedności (SED)
3%
Leopold OkulickiKomendant głowny organizacji NIE
3%
Hilary MincMinister przemysłu i handlu w rzadzie Józefa Cyrankiewicza
3%
Harry TrumanNastępca Franklina Delano Roosevelta
3%
Clement AttleeNastępca Winstona Churchilla
3%
Konrad AdenauerOdbudowanie struktur militarnych państwa
3%
George MarshallOd jego nazwiska powstała nazwa planu pomocy gospodarczej dla Europy
3%
Andriej ŻdanowOd jego nazwiska powstała nazwa powojennej polityki wewnętrznej ZSRR
3%
Józef StalinOrganizator zbrojnego przewrotu bolszewickiego / rewolucja październikowa
3%
Witold PileckiOskarżony i skazany przez władze komunistyczne Polski Ludowej na karę śmierci
3%
Józef StalinPaństwowy terror
3%
Otto GrotewohlPierwszy premier NRD
3%
Stefan WyszyńskiPoddany represjom
3%
Józef StalinPolityk pochodzenia gruzińskiego
3%
Konstanty RokossowskiPo zakończeniu działań wojennych został skierowany do Polski
3%
Klement GottwaldPrzejęcie władzy i zmuszenie prezydenta do ustąpienia
3%
Nikita ChruszczowPrzeprowadzenie destalinizacji
3%
Walter UlbrichtPrzewodniczący rady państwa NRD
3%
Józef StalinPrzyczynienie się do wybuchu II wojny światowej
3%
Josip Broz-TitoPrzywódca Socjalistycznej Federacyjnej Republiki Jugosławii
3%
Leopold OkulickiPseudonim Niedźwiadek
3%
John Fitzgerald KennedyRegulowanie stosunków ze Związkiem Radzieckim
3%
Harry TrumanReprezentant USA podczas konferencji w Poczdamie
3%
Clement AttleeReprezentant Wielkiej Brytanii podczas konferencji w Poczdamie
3%
Józef StalinReprezentant ZSRR podczas konferencji w Poczdamie
3%
Witold PileckiRotmistrz kawalerii Wojska Polskiego
3%
Leopold OkulickiRozwiązanie Armii Krajowej
3%
Nikita ChruszczowRywalizowanie z USA w zakresie zbrojeń i podróży kosmicznych
3%
Bolesław BierutSfałszowane wybory parlamentarne
3%
Josip Broz-TitoSkuteczna polityka wobec licznych narodów Jugosławii
3%
Josip Broz-TitoSkuteczne utrzymywanie jedności kraju
3%
Konrad AdenauerStworzenie państwa silnego gospodarczo
3%
Hilary MincTwórca planu sześcioletniego
3%
Otto GrotewohlUznanie polskiej granicy na Odrze i Nysie Łużyckiej
3%
Konstanty RokossowskiWiceminister obrony ZSRR
3%
Hilary MincWicepremier PZPR
3%
Witold PileckiWięzień i organizator ruchu oporu w Auschwitz
3%
Andriej ŻdanowWspółpracownik Józefa Stalina
3%
George MarshallWspółtwórca doktryny Trumana
3%
Józef StalinZesłania i niewolnicza praca w łagrach
3%
Hilary MincMinister przemysłu Rządu Tymczasowego i TRJN
0%
Witold PileckiProwadzenie siatki wywiadowczej wewnątrz obozu Auschwitz
0%

Rozkład punktacji

Percentyl według liczby udzielonych odpowiedzi

Procent ludzi z każdym wynikiem

Twoja historia wyników

Nie rozwiązałeś tego quizu od ostatniego zresetowania